|
|
|
|
| LEADER |
01064nab a2200253 i 4500 |
| 001 |
misc61326 |
| 005 |
20240905142240.0 |
| 008 |
230210s1971 hu o 000 ger d |
| 040 |
|
|
|a SZTE Miscellanea Repozitórium
|b hun
|
| 041 |
|
|
|a ger
|
| 100 |
1 |
|
|a Spuler Bertold
|
| 245 |
1 |
0 |
|a Arthur Joseph Arberry, Religion in the Middle East
|h [elektronikus dokumentum] :
|b three religions in concord and conflict. Vol. 1. Judaism and Christianity, Vol. 2. Islam. Cambridge U.P., 1969 : Buchbesprechung /
|c Spuler Bertold
|
| 260 |
|
|
|a De Gruyter
|b Berlin
|c 1971
|
| 300 |
|
|
|a 362-363
|c 24 cm
|
| 300 |
|
|
|a [2] p.
|c 24 cm
|
| 490 |
0 |
|
|a Der Islam : Zeitschrift für Geschichte und Kultur des islamischen Orients
|
| 561 |
|
|
|a Németh Gyula hagyaték
|
| 591 |
|
|
|a NOV 5753
|
| 650 |
|
4 |
|a Bölcsészettudományok
|
| 650 |
|
4 |
|a Történettudomány és régészet
|
| 650 |
|
4 |
|a Filozófia, etika és vallástudományok
|
| 695 |
|
|
|a Vallástörténet - könyvismertetés
|
| 700 |
0 |
1 |
|a Arberry Arthur John
|
| 856 |
4 |
0 |
|u http://misc.bibl.u-szeged.hu/61326/1/5753_nov.pdf
|z Dokumentum-elérés
|